000 00399nam a2200169Ia 4500
008 170705s9999 xx 000 0 und d
020 _a9780545156288
245 _aFour pictures by Emily Carr /
245 _cNicolas Debon.
260 _aNew York :
260 _bScholastic,
260 _c2003
300 _a29 pages :
300 _bcolor illustration ;
300 _c20cm.
500 _a770
999 _c336850
_d336850